[Event "Saratov RCTSGSEU"]
[Site "Saratov"]
[Date "2009.09.23"]
[Round "6"]
[White "Pokusaev, Vyacheslav"]
[Black "Korchmar, Vasiliy"]
[Result "0-1"]
[WhiteElo "2230"]
[BlackElo "2163"]
[PlyCount "64"]
[EventDate "2009.09.17"]
[EventType "swiss"]
[EventRounds "9"]
[EventCountry "RUS"]
[SourceTitle "EXT 2012"]
[Source "ChessBase"]
[SourceDate "2011.11.24"]
[SourceVersion "1"]
[SourceVersionDate "2011.11.24"]
[SourceQuality "1"]

1. Nf3 d5 2. c4 c6 3. e3 Nf6 4. b3 Bf5 5. Bb2 e6 6. Be2 Bd6 7. 0-0 Nbd7 8. d4 Qc7 9. Nc3 Rd8 10. c5 Be7 11. b4 h6 12. Bd3 Bxd3 13. Qxd3 0-0 14. a4 e5 15. dxe5 Nxe5 16. Nxe5 Qxe5 17. f4 Qe6 18. Ne2 Qe4 19. Qc3 d4 20. Nxd4 Nd5 21. Qe1 Nxe3 22. Nf3 Rd3 23. Qg3 Qg6 24. Qxg6 fxg6 25. Rfe1 Bf6 26. Rab1 Bxb2 27. Rxb2 Rxf4 28. Rbe2 Nxg2 29. Re8+ Kh7 30. Ng5+ hxg5 31. Kxg2 Rxb4 32. Rb8 g4 0-1

[Event "Saratov"]
[Site "Saratov"]
[Date "2009.05.24"]
[Round "3"]
[White "Pokusaev, Vyacheslav"]
[Black "Skurygin, Anton"]
[Result "1/2-1/2"]
[WhiteElo "2230"]
[BlackElo "2315"]
[PlyCount "22"]
[EventDate "2009.05.22"]
[EventType "tourn"]
[EventRounds "9"]
[EventCountry "RUS"]
[EventCategory "3"]
[SourceTitle "EXT 2022"]
[Source "ChessBase"]
[SourceDate "2021.10.06"]
[SourceVersion "1"]
[SourceVersionDate "2021.10.06"]
[SourceQuality "1"]

1. e4 g6 2. d4 Bg7 3. Nc3 c6 4. f4 d5 5. e5 h5 6. Nf3 Bg4 7. h3 Bxf3 8. Qxf3 e6 9. Be3 h4 10. 0-0-0 Nd7 11. Bd3 Bf8 1/2-1/2

[Event "Saratov"]
[Site "Saratov"]
[Date "2009.05.23"]
[Round "2"]
[White "Grebenschikov, Vladimir"]
[Black "Pokusaev, Vyacheslav"]
[Result "1-0"]
[WhiteElo "2298"]
[BlackElo "2230"]
[PlyCount "87"]
[EventDate "2009.05.22"]
[EventType "tourn"]
[EventRounds "9"]
[EventCountry "RUS"]
[EventCategory "3"]
[SourceTitle "EXT 2022"]
[Source "ChessBase"]
[SourceDate "2021.10.06"]
[SourceVersion "1"]
[SourceVersionDate "2021.10.06"]
[SourceQuality "1"]

1. d4 Nf6 2. c4 g6 3. Nc3 Bg7 4. e4 d6 5. f3 0-0 6. Bg5 Qe8 7. Qd2 e5 8. Nge2 c6 9. d5 cxd5 10. cxd5 b5 11. Nc1 Bd7 12. b4 a5 13. bxa5 Rxa5 14. Rb1 Nh5 15. Qb2 Nf4 16. Qb4 Ra6 17. a4 Rxa4 18. Nxa4 bxa4 19. g3 f6 20. Bh4 Nxd5 21. Bc4 g5 22. Qxd6 gxh4 23. gxh4 Kh8 24. Bxd5 Qc8 25. Ne2 Bh6 26. Kf2 Qd8 27. Rhg1 a3 28. Rb7 Qe8 29. Qxa3 f5 30. Qd6 Bg7 31. exf5 e4 32. fxe4 Bxf5 33. Rxb8 Qxb8 34. Qxb8 Rxb8 35. exf5 h6 36. Rg6 Kh7 37. h5 Rd8 38. Be4 Kh8 39. Nf4 Rd2+ 40. Ke3 Rxh2 41. f6 Bf8 42. f7 Bg7 43. Ne6 Ra2 44. Nxg7 1-0

[Event "Saratov Rating 01"]
[Site "Saratov"]
[Date "2009.01.25"]
[Round "6"]
[White "Pokusaev, Vyacheslav"]
[Black "Vetryansky, Vladimir"]
[Result "1/2-1/2"]
[WhiteElo "2231"]
[BlackElo "2114"]
[PlyCount "90"]
[EventDate "2009.01.20"]
[EventType "tourn"]
[EventRounds "7"]
[EventCountry "RUS"]
[SourceTitle "EXT 2022"]
[Source "ChessBase"]
[SourceDate "2021.10.06"]
[SourceVersion "1"]
[SourceVersionDate "2021.10.06"]
[SourceQuality "1"]

1. e4 c5 2. Nf3 Nc6 3. d3 g6 4. g3 Bg7 5. Bg2 e6 6. 0-0 Nge7 7. c3 d5 8. Qe2 b5 9. Rd1 0-0 10. e5 d4 11. cxd4 cxd4 12. h4 Bb7 13. h5 Rc8 14. Na3 a6 15. h6 Bh8 16. Bg5 Qd7 17. Nc2 Rc7 18. Bxe7 Qxe7 19. Ncxd4 Nxd4 20. Nxd4 Qd7 21. Qe3 Rd8 22. Bxb7 Qxd4 23. Qxd4 Rxd4 24. Bxa6 Bxe5 25. Bxb5 Rb4 26. a4 Rxb2 27. Rac1 Kf8 28. Rxc7 Bxc7 29. d4 Bb6 30. Kf1 Ke7 31. Rd3 Kd6 32. Be8 Ke7 33. Bb5 Kd6 34. Rf3 f5 35. Rd3 Kd5 36. Bd7 Bxd4 37. Bxe6+ Ke4 38. Ra3 Rxf2+ 39. Ke1 Rb2 40. Bg8 Bc5 41. Ra2 Rxa2 42. Bxa2 Bf8 43. Bg8 Bxh6 44. Bxh7 Kf3 45. Bxg6 Kxg3 1/2-1/2

[Event "Saratov Rating 01"]
[Site "Saratov"]
[Date "2009.01.23"]
[Round "4"]
[White "Smirnov, Alexandr A"]
[Black "Pokusaev, Vyacheslav"]
[Result "0-1"]
[WhiteElo "2161"]
[BlackElo "2231"]
[PlyCount "66"]
[EventDate "2009.01.20"]
[EventType "tourn"]
[EventRounds "7"]
[EventCountry "RUS"]
[SourceTitle "EXT 2022"]
[Source "ChessBase"]
[SourceDate "2021.10.06"]
[SourceVersion "1"]
[SourceVersionDate "2021.10.06"]
[SourceQuality "1"]

1. e4 c5 2. Nf3 Nc6 3. Nc3 g6 4. d4 cxd4 5. Nxd4 Bg7 6. Be3 Nf6 7. Bc4 0-0 8. Bb3 a5 9. f3 d5 10. Nxc6 bxc6 11. exd5 cxd5 12. 0-0 e6 13. Qd2 Qc7 14. Rfe1 Rd8 15. Nb5 Qb8 16. a4 e5 17. Rad1 Bd7 18. Qe2 Bxb5 19. Qxb5 Qxb5 20. axb5 a4 21. Ba2 a3 22. bxa3 Rxa3 23. Bb3 d4 24. Bc1 Rxb3 25. cxb3 Nd7 26. Re2 Rb8 27. Rc2 Bf8 28. Rc7 Nc5 29. Ba3 Ne6 30. Ra7 Rxb5 31. Rb1 Bh6 32. Be7 d3 33. b4 Be3+ 0-1

[Event "Saratov Rating 01"]
[Site "Saratov"]
[Date "2009.01.21"]
[Round "2"]
[White "Likhoman, Mikhail"]
[Black "Pokusaev, Vyacheslav"]
[Result "1/2-1/2"]
[WhiteElo "2217"]
[BlackElo "2231"]
[PlyCount "34"]
[EventDate "2009.01.20"]
[EventType "tourn"]
[EventRounds "7"]
[EventCountry "RUS"]
[SourceTitle "EXT 2022"]
[Source "ChessBase"]
[SourceDate "2021.10.06"]
[SourceVersion "1"]
[SourceVersionDate "2021.10.06"]
[SourceQuality "1"]

1. d4 Nf6 2. c4 g6 3. Nc3 Bg7 4. e4 0-0 5. Nf3 d6 6. Be2 e5 7. dxe5 dxe5 8. Qxd8 Rxd8 9. Bg5 Re8 10. Nd5 Nxd5 11. cxd5 c6 12. Bc4 b5 13. Bb3 a5 14. a3 a4 15. Ba2 b4 16. axb4 a3 17. bxa3 Rxa3 1/2-1/2

[Event "Saratov op"]
[Site "Saratov"]
[Date "2008.12.20"]
[Round "8"]
[White "Vetrov, Alexey"]
[Black "Pokusaev, Vyacheslav"]
[Result "0-1"]
[WhiteElo "2163"]
[BlackElo "2205"]
[PlyCount "152"]
[EventDate "2008.12.13"]
[EventType "swiss"]
[EventRounds "9"]
[EventCountry "RUS"]
[SourceTitle "EXT 2010"]
[Source "ChessBase"]
[SourceDate "2010.11.25"]
[SourceVersion "1"]
[SourceVersionDate "2010.11.25"]
[SourceQuality "1"]

1. d4 Nf6 2. c4 c5 3. Nf3 e6 4. Nc3 cxd4 5. Nxd4 Be7 6. e4 d6 7. Be2 a6 8. 0-0 0-0 9. Be3 b6 10. f4 Bb7 11. Bf3 Qc7 12. Rc1 Nbd7 13. Qe2 Rac8 14. f5 e5 15. Nd5 Qd8 16. Nb3 Nxd5 17. cxd5 Nc5 18. Nxc5 bxc5 19. Qd2 Rb8 20. Be2 Bc8 21. Rf3 Bd7 22. Rg3 Kh8 23. Rf1 Rb4 24. Rg4 Bf6 25. Rf3 g6 26. Rh3 gxf5 27. exf5 Rxg4 28. Bxg4 Rg8 29. Qe2 Bg5 30. Bf2 Qf6 31. Qe4 Bf4 32. Bh4 Bg5 33. Be1 Bc8 34. Rb3 Qg7 35. Bh3 Qh6 36. Bg4 Bf4 37. Rh3 Qg5 38. f6 h6 39. Bxc8 Rxc8 40. Rb3 Rg8 41. Bf2 Qxf6 42. Be3 Bxe3+ 43. Rxe3 Qg5 44. Qf3 f5 45. h3 e4 46. Qe2 Rb8 47. Qd2 Qf6 48. b3 Qd4 49. Qf2 Qd1+ 50. Kh2 Qxd5 51. Qh4 Qe5+ 52. Rg3 Kh7 53. Qh5 Qf6 54. h4 Rf8 55. Qe2 Qxh4+ 56. Rh3 Qf4+ 57. Kh1 Rg8 58. Qxa6 Qc1+ 59. Kh2 Qf4+ 60. Kh1 Qf2 61. g3 Qf3+ 62. Kh2 Qf2+ 63. Kh1 Qe1+ 64. Kh2 Qd2+ 65. Kh1 e3 66. Qb7+ Rg7 67. Qf3 Qc1+ 68. Kh2 Qc2+ 69. Kg1 Re7 70. Qh5 Qc1+ 71. Kh2 Qb2+ 72. Kh1 Qf6 73. Qe2 d5 74. a4 d4 75. Rh2 Qe6 76. a5 Qe4+ 0-1

[Event "RUS-chT U26"]
[Site "Belgorod"]
[Date "2008.10.12"]
[Round "8"]
[White "Pokusaev, Vyacheslav"]
[Black "Tomilin, Alexey"]
[Result "1/2-1/2"]
[WhiteElo "2205"]
[BlackElo "2349"]
[PlyCount "20"]
[EventDate "2008.10.05"]
[EventType "team"]
[EventRounds "9"]
[EventCountry "RUS"]
[SourceTitle "EXT 2010"]
[Source "ChessBase"]
[SourceDate "2010.11.25"]
[SourceVersion "1"]
[SourceVersionDate "2010.11.25"]
[SourceQuality "1"]

1. e4 Nf6 2. Nc3 d5 3. e5 Ne4 4. Nce2 d4 5. d3 Nc5 6. f4 Nc6 7. Nf3 e6 8. g3 Be7 9. Bg2 0-0 10. 0-0 f6 1/2-1/2

[Event "RUS-chT U26"]
[Site "Belgorod"]
[Date "2008.10.11"]
[Round "7"]
[White "Volokushin, Dmitry"]
[Black "Pokusaev, Vyacheslav"]
[Result "0-1"]
[WhiteElo "2115"]
[BlackElo "2205"]
[PlyCount "104"]
[EventDate "2008.10.05"]
[EventType "team"]
[EventRounds "9"]
[EventCountry "RUS"]
[SourceTitle "EXT 2010"]
[Source "ChessBase"]
[SourceDate "2010.11.25"]
[SourceVersion "1"]
[SourceVersionDate "2010.11.25"]
[SourceQuality "1"]

1. c4 e5 2. Nc3 Nf6 3. e4 Bc5 4. d3 0-0 5. Be2 h6 6. Nf3 Re8 7. 0-0 c6 8. Rb1 d5 9. cxd5 cxd5 10. Nxe5 Rxe5 11. d4 Bxd4 12. Qxd4 Nc6 13. Qa4 Nxe4 14. Bf3 Bf5 15. Ra1 Nxc3 16. bxc3 Be4 17. Bxe4 Rxe4 18. Qb5 Re7 19. Be3 Qa5 20. Qb3 Rd8 21. Rfd1 b6 22. Rd3 Ne5 23. Rdd1 Nc4 24. Bd4 Qa6 25. h3 Rde8 26. Qc2 Qc8 27. Qd3 Re6 28. Qf3 Qd7 29. a4 Nb2 30. Rdb1 Nc4 31. Rd1 Rg6 32. Ra2 Qe6 33. Kf1 Rg5 34. h4 Rg4 35. g3 Re4 36. Kg2 f5 37. Kh2 Qf7 38. Rg1 Qg6 39. Kh3 Qf7 40. Kh2 Qd7 41. Kg2 Rg4 42. Re2 Rxe2 43. Qxe2 Re4 44. Qh5 Qe6 45. Ra1 Re2 46. Kh2 Re4 47. Kg2 f4 48. gxf4 Rxf4 49. Kh2 Qe4 50. Kh3 Rf5 51. Qd1 Rf3+ 52. Kg2 Rd3+ 0-1

[Event "RUS-chT U26"]
[Site "Belgorod"]
[Date "2008.10.10"]
[Round "6"]
[White "Pokusaev, Vyacheslav"]
[Black "Forova, Tatiana"]
[Result "1-0"]
[WhiteElo "2205"]
[BlackElo "1868"]
[PlyCount "57"]
[EventDate "2008.10.05"]
[EventType "team"]
[EventRounds "9"]
[EventCountry "RUS"]
[SourceTitle "EXT 2010"]
[Source "ChessBase"]
[SourceDate "2010.11.25"]
[SourceVersion "1"]
[SourceVersionDate "2010.11.25"]
[SourceQuality "1"]

1. e4 c5 2. Nf3 Nc6 3. d4 cxd4 4. Nxd4 g6 5. c4 Nf6 6. Nc3 Nxd4 7. Qxd4 Bg7 8. Be2 0-0 9. 0-0 d6 10. Qd2 Be6 11. Rb1 Rc8 12. b3 Nd7 13. Bb2 Nc5 14. Kh1 f5 15. exf5 Bxf5 16. Rbd1 Qd7 17. b4 Na4 18. Nxa4 Qxa4 19. Bxg7 Kxg7 20. Qd4+ Rf6 21. f4 Be6 22. Bd3 Qd7 23. Rde1 Rc7 24. Re3 Kg8 25. Rfe1 Qc8 26. Rxe6 Rxe6 27. Qd5 Kf7 28. f5 gxf5 29. Bxf5 1-0

[Event "Saratov SGSEU-ch op"]
[Site "Saratov"]
[Date "2008.09.25"]
[Round "8"]
[White "Muromtsev, Arthur"]
[Black "Pokusaev, Vyacheslav"]
[Result "0-1"]
[WhiteElo "2256"]
[BlackElo "2205"]
[PlyCount "66"]
[EventDate "2008.09.10"]
[EventType "swiss"]
[EventRounds "9"]
[EventCountry "RUS"]
[SourceTitle "EXT 2022"]
[Source "ChessBase"]
[SourceDate "2021.10.06"]
[SourceVersion "1"]
[SourceVersionDate "2021.10.06"]
[SourceQuality "1"]

1. e4 c5 2. Nc3 Nc6 3. Bb5 g6 4. Bxc6 bxc6 5. f4 Bg7 6. Nf3 d6 7. 0-0 Nh6 8. d3 0-0 9. Qe1 f6 10. Bd2 Rb8 11. b3 Nf7 12. Kh1 Bd7 13. Qh4 f5 14. e5 dxe5 15. fxe5 Nxe5 16. Nxe5 Bxe5 17. Qc4+ e6 18. Rae1 Qc7 19. Na4 Bxh2 20. Nxc5 Bg3 21. Na6 Qd8 22. Kg1 Rb5 23. Nc5 Rxc5 24. Qxc5 Qh4 25. Rf3 Bxe1 26. Rh3 Qxh3 27. gxh3 Bxd2 28. Qxa7 Bc8 29. Kg2 f4 30. Kf3 e5 31. h4 h5 32. Qe7 Bg4+ 33. Ke4 f3 0-1

[Event "Saratov SGSEU-ch op"]
[Site "Saratov"]
[Date "2008.09.22"]
[Round "5"]
[White "Pokusaev, Vyacheslav"]
[Black "Onoprijchuk, Boris"]
[Result "1/2-1/2"]
[WhiteElo "2205"]
[BlackElo "2366"]
[PlyCount "21"]
[EventDate "2008.09.10"]
[EventType "swiss"]
[EventRounds "9"]
[EventCountry "RUS"]
[SourceTitle "EXT 2022"]
[Source "ChessBase"]
[SourceDate "2021.10.06"]
[SourceVersion "1"]
[SourceVersionDate "2021.10.06"]
[SourceQuality "1"]

1. d4 Nf6 2. c4 c5 3. dxc5 Nc6 4. Nc3 e6 5. Be3 Ng4 6. Bd4 Nxd4 7. Qxd4 Nf6 8. Nf3 Qa5 9. e3 Bxc5 10. Qd2 a6 11. Be2 1/2-1/2

[Event "Saratov SGSEU-ch op"]
[Site "Saratov"]
[Date "2008.09.11"]
[Round "2"]
[White "Pokusaev, Vyacheslav"]
[Black "Petukhov, Dmitry"]
[Result "1/2-1/2"]
[WhiteElo "2205"]
[BlackElo "2407"]
[PlyCount "95"]
[EventDate "2008.09.10"]
[EventType "swiss"]
[EventRounds "9"]
[EventCountry "RUS"]
[SourceTitle "EXT 2022"]
[Source "ChessBase"]
[SourceDate "2021.10.06"]
[SourceVersion "1"]
[SourceVersionDate "2021.10.06"]
[SourceQuality "1"]

1. e4 e5 2. Nf3 Nc6 3. d4 exd4 4. Bc4 Be7 5. Nxd4 Bf6 6. Nxc6 bxc6 7. Qh5 Qe7 8. 0-0 d6 9. Kh1 Be6 10. Bb3 Bxb3 11. cxb3 Qxe4 12. Qa5 Ne7 13. Qxc7 0-0 14. Nc3 Bxc3 15. bxc3 Nf5 16. Ba3 Rac8 17. Qa5 Rfe8 18. c4 Re5 19. Qc3 Rce8 20. Bb4 c5 21. Ba5 Nd4 22. Rae1 Ne2 23. Qd2 R5e6 24. Bc7 Rg6 25. f3 Qe7 26. Bd8 Qe5 27. Bg5 Rge6 28. Rd1 Qf5 29. Bh4 Rh6 30. Rde1 Qe5 31. Rxe2 Qxe2 32. Re1 Rhe6 33. Rxe2 Rxe2 34. Qa5 h5 35. h3 Rc2 36. Qxa7 Ree2 37. Qa8+ Kh7 38. f4 Rxa2 39. Qf3 Kg8 40. f5 f6 41. Bg3 Red2 42. h4 Rab2 43. Qc6 Kh7 44. Bxd6 Rd4 45. Bg3 Rxb3 46. Qxc5 Rg4 47. Bf2 Rc3 48. Qd5 1/2-1/2

[Event "Saratov region op"]
[Site "Saratov"]
[Date "2008.06.05"]
[Round "7"]
[White "Gluhenkii, Dmitry"]
[Black "Pokusaev, Vyacheslav"]
[Result "0-1"]
[WhiteElo "2105"]
[BlackElo "2248"]
[PlyCount "66"]
[EventDate "2008.05.30"]
[EventType "swiss"]
[EventRounds "9"]
[EventCountry "RUS"]
[SourceTitle "CBM 124 Extra"]
[Source "ChessBase"]
[SourceDate "2008.07.03"]
[SourceVersion "1"]
[SourceVersionDate "2008.07.03"]
[SourceQuality "1"]

1. e4 c5 2. Nc3 Nc6 3. g3 Rb8 4. a4 a6 5. b3 d6 6. Bb2 e5 7. Bg2 Nd4 8. Nd5 Nf6 9. Nxf6+ Qxf6 10. Bxd4 cxd4 11. c3 dxc3 12. dxc3 Be7 13. Qf3 Qg6 14. Bh3 Be6 15. Bxe6 Qxe6 16. c4 b5 17. cxb5 axb5 18. a5 0-0 19. Ne2 f5 20. Rd1 fxe4 21. Qxe4 Qxb3 22. 0-0 Qf3 23. Qxf3 Rxf3 24. Ra1 b4 25. Rfc1 Ra3 26. a6 Ra8 27. Rab1 d5 28. Rc7 Bf8 29. Rd7 d4 30. Rd5 d3 31. Nc1 e4 32. f3 R8xa6 33. fxe4 Ra1 0-1

[Event "Saratov region op"]
[Site "Saratov"]
[Date "2008.06.03"]
[Round "5"]
[White "Petukhov, Dmitry"]
[Black "Pokusaev, Vyacheslav"]
[Result "1/2-1/2"]
[WhiteElo "2341"]
[BlackElo "2248"]
[PlyCount "62"]
[EventDate "2008.05.30"]
[EventType "swiss"]
[EventRounds "9"]
[EventCountry "RUS"]
[SourceTitle "CBM 124 Extra"]
[Source "ChessBase"]
[SourceDate "2008.07.03"]
[SourceVersion "1"]
[SourceVersionDate "2008.07.03"]
[SourceQuality "1"]

1. Nf3 Nf6 2. c4 c5 3. Nc3 b6 4. b3 Bb7 5. Bb2 e6 6. e3 Be7 7. Be2 0-0 8. 0-0 d6 9. d4 cxd4 10. Nxd4 Nbd7 11. Bf3 Bxf3 12. Qxf3 Ne5 13. Qe2 Qc8 14. Rad1 Nc6 15. f4 Nxd4 16. exd4 Re8 17. d5 Bf8 18. Qf3 Qc5+ 19. Kh1 exd5 20. Nxd5 Nxd5 21. Rxd5 Qe3 22. Qxe3 Rxe3 23. Rd2 Rae8 24. Kg1 d5 25. cxd5 Bb4 26. Rdd1 Re2 27. Bd4 Rxa2 28. Rf2 Ra5 29. Bb2 Bc5 30. Bd4 Bb4 31. Bb2 Bc5 1/2-1/2

[Event "Saratov region op"]
[Site "Saratov"]
[Date "2008.05.30"]
[Round "1"]
[White "Tolkanov, Vladimir Aleksandro"]
[Black "Pokusaev, Vyacheslav"]
[Result "0-1"]
[WhiteElo "1912"]
[BlackElo "2248"]
[PlyCount "50"]
[EventDate "2008.05.30"]
[EventType "swiss"]
[EventRounds "9"]
[EventCountry "RUS"]
[SourceTitle "CBM 124 Extra"]
[Source "ChessBase"]
[SourceDate "2008.07.03"]
[SourceVersion "1"]
[SourceVersionDate "2008.07.03"]
[SourceQuality "1"]

1. e4 c5 2. Nc3 Nc6 3. g3 Rb8 4. Bg2 b5 5. d3 b4 6. Nce2 g6 7. Be3 Bg7 8. d4 Qa5 9. Nf3 cxd4 10. Nfxd4 Nf6 11. 0-0 Ng4 12. Nxc6 Qh5 13. h3 Nxe3 14. fxe3 dxc6 15. g4 Qc5 16. Nd4 0-0 17. e5 Bxe5 18. Rc1 Ba6 19. Rf2 Rbd8 20. c3 Bc7 21. Qb3 Qe5 22. Nf3 Qxe3 23. Re1 Qb6 24. Ne5 Bxe5 25. Rxe5 Rd2 0-1

[Event "Saratov Rating 05-B"]
[Site "Saratov"]
[Date "2008.05.21"]
[Round "9"]
[White "Iljushina, Olga"]
[Black "Pokusaev, Vyacheslav"]
[Result "1/2-1/2"]
[WhiteElo "2255"]
[BlackElo "2248"]
[PlyCount "42"]
[EventDate "2008.05.13"]
[EventType "tourn"]
[EventRounds "9"]
[EventCountry "RUS"]
[EventCategory "4"]
[SourceTitle "EXT 2022"]
[Source "ChessBase"]
[SourceDate "2021.10.06"]
[SourceVersion "1"]
[SourceVersionDate "2021.10.06"]
[SourceQuality "1"]

1. d4 Nf6 2. c4 g6 3. g3 Bg7 4. Bg2 d6 5. Nf3 0-0 6. 0-0 c6 7. Nc3 Qa5 8. h3 e5 9. a3 Qc7 10. Be3 Nbd7 11. Qc2 Re8 12. Rad1 e4 13. Nd2 d5 14. Bf4 Qb6 15. cxd5 cxd5 16. Nb3 Nf8 17. Nc5 Ne6 18. Nxe6 Bxe6 19. Na4 Qa6 20. Nc5 Qc6 21. Rc1 b6 1/2-1/2

[Event "Saratov Rating 05-B"]
[Site "Saratov"]
[Date "2008.05.20"]
[Round "8"]
[White "Pokusaev, Vyacheslav"]
[Black "Simantsev, Mikhail"]
[Result "0-1"]
[WhiteElo "2248"]
[BlackElo "2489"]
[PlyCount "48"]
[EventDate "2008.05.13"]
[EventType "tourn"]
[EventRounds "9"]
[EventCountry "RUS"]
[EventCategory "4"]
[SourceTitle "EXT 2022"]
[Source "ChessBase"]
[SourceDate "2021.10.06"]
[SourceVersion "1"]
[SourceVersionDate "2021.10.06"]
[SourceQuality "1"]

1. e4 e5 2. Nf3 Nc6 3. d4 exd4 4. Nxd4 Bc5 5. Nxc6 Qf6 6. Qd2 dxc6 7. Bd3 Be6 8. Nc3 Ne7 9. Na4 Bd6 10. f4 0-0-0 11. e5 Bxe5 12. fxe5 Qh4+ 13. Qf2 Qxa4 14. 0-0 Kb8 15. b3 Qg4 16. Be3 b6 17. a4 Nd5 18. Bd2 Nb4 19. Be2 Rxd2 20. Bxg4 Rxf2 21. Rxf2 Bxg4 22. Rxf7 Nxc2 23. Rc1 Nd4 24. Rc4 Be6 0-1

[Event "Saratov Rating 05-B"]
[Site "Saratov"]
[Date "2008.05.19"]
[Round "7"]
[White "Petukhov, Dmitry"]
[Black "Pokusaev, Vyacheslav"]
[Result "1-0"]
[WhiteElo "2341"]
[BlackElo "2248"]
[PlyCount "79"]
[EventDate "2008.05.13"]
[EventType "tourn"]
[EventRounds "9"]
[EventCountry "RUS"]
[EventCategory "4"]
[SourceTitle "EXT 2022"]
[Source "ChessBase"]
[SourceDate "2021.10.06"]
[SourceVersion "1"]
[SourceVersionDate "2021.10.06"]
[SourceQuality "1"]

1. e4 c5 2. Nf3 d6 3. d4 cxd4 4. Nxd4 Nf6 5. Nc3 g6 6. Be3 Bg7 7. f3 0-0 8. Qd2 Nc6 9. 0-0-0 a6 10. h4 Bd7 11. g4 h5 12. g5 Ne8 13. f4 Bg4 14. Be2 Bxe2 15. Ncxe2 Nxd4 16. Bxd4 Bxd4 17. Qxd4 Qa5 18. Kb1 Ng7 19. Nc3 Rac8 20. Nd5 Rfe8 21. Rhf1 Ne6 22. Qe3 Qc5 23. Qd2 Nc7 24. f5 Nxd5 25. exd5 Kg7 26. Rf4 Rf8 27. Re1 Rc7 28. a3 b5 29. Qd3 Rg8 30. Ref1 Kh7 31. fxg6+ fxg6 32. Rf7+ Kh8 33. R1f4 a5 34. c3 a4 35. Rf8 Rc8 36. Qxg6 Rgxf8 37. Qh6+ Kg8 38. g6 Rxf4 39. Qh7+ Kf8 40. Qh8# 1-0

[Event "Saratov Rating 05-B"]
[Site "Saratov"]
[Date "2008.05.17"]
[Round "5"]
[White "Lavretzkij, Roman"]
[Black "Pokusaev, Vyacheslav"]
[Result "1-0"]
[WhiteElo "2332"]
[BlackElo "2248"]
[PlyCount "91"]
[EventDate "2008.05.13"]
[EventType "tourn"]
[EventRounds "9"]
[EventCountry "RUS"]
[EventCategory "4"]
[SourceTitle "EXT 2022"]
[Source "ChessBase"]
[SourceDate "2021.10.06"]
[SourceVersion "1"]
[SourceVersionDate "2021.10.06"]
[SourceQuality "1"]

1. d4 Nf6 2. g3 g6 3. Bg2 Bg7 4. e4 d6 5. Nc3 0-0 6. Nge2 c6 7. a4 Nbd7 8. h3 e5 9. Be3 Qe7 10. 0-0 Rd8 11. g4 exd4 12. Bxd4 d5 13. exd5 Nxd5 14. Bxg7 Kxg7 15. Nxd5 cxd5 16. Qd4+ Qf6 17. Rfd1 h6 18. Nc3 Qxd4 19. Rxd4 Nf6 20. Rad1 Be6 21. Nxd5 Bxd5 22. Bxd5 Rxd5 23. Rxd5 Nxd5 24. Rxd5 Rc8 25. c3 Rc7 26. Kg2 Kf6 27. Kf3 Re7 28. a5 a6 29. Rd4 Kg5 30. Kg3 Kf6 31. h4 g5 32. Rd6+ Kg7 33. h5 Kh7 34. c4 Kg7 35. c5 Rc7 36. b4 Re7 37. Kf3 Kh7 38. Rb6 Kg7 39. Rd6 Kh7 40. Rf6 Kg7 41. Rb6 Rd7 42. Ke3 Re7+ 43. Kd4 Rd7+ 44. Ke5 Rd2 45. Rxb7 Rxf2 46. c6 1-0

[Event "Saratov-ch op"]
[Site "Saratov"]
[Date "2008.03.15"]
[Round "5"]
[White "Pokusaev, Vyacheslav"]
[Black "Gagarkine, Nikolay"]
[Result "1-0"]
[WhiteElo "2281"]
[BlackElo "2015"]
[PlyCount "85"]
[EventDate "2008.03.11"]
[EventType "swiss"]
[EventRounds "9"]
[EventCountry "RUS"]
[SourceTitle "EXT 2022"]
[Source "ChessBase"]
[SourceDate "2021.10.06"]
[SourceVersion "1"]
[SourceVersionDate "2021.10.06"]
[SourceQuality "1"]

1. e4 e6 2. Nf3 Nf6 3. Nc3 Be7 4. d4 d6 5. Bd3 b6 6. Qe2 Bb7 7. Bf4 c6 8. e5 Nd5 9. Nxd5 cxd5 10. c3 Nc6 11. h4 dxe5 12. Nxe5 Nxe5 13. dxe5 Qc7 14. a4 a6 15. h5 h6 16. 0-0 Bg5 17. Bh2 Qc5 18. Kh1 Be7 19. f4 Bc8 20. Qg4 Bf8 21. Bg1 Qc7 22. f5 Rb8 23. Rae1 Rb7 24. Bxa6 exf5 25. Qd4 Bc5 26. Qxd5 0-0 27. Bxc5 bxc5 28. Bxb7 Bxb7 29. Qd6 Qc8 30. e6 Qa8 31. Rf2 fxe6 32. Qxe6+ Kh8 33. Qe7 f4 34. Kg1 f3 35. gxf3 Qb8 36. Rg2 Rg8 37. Qf7 Bc6 38. Re7 Be8 39. Qf5 Qd6 40. Qe5 Qd1+ 41. Kh2 Qxa4 42. Rexg7 Qh4+ 43. Kg1 1-0

[Event "Saratov-ch op"]
[Site "Saratov"]
[Date "2008.03.12"]
[Round "2"]
[White "Sudnik, Pavel"]
[Black "Pokusaev, Vyacheslav"]
[Result "1/2-1/2"]
[WhiteElo "2170"]
[BlackElo "2281"]
[PlyCount "53"]
[EventDate "2008.03.11"]
[EventType "swiss"]
[EventRounds "9"]
[EventCountry "RUS"]
[SourceTitle "EXT 2022"]
[Source "ChessBase"]
[SourceDate "2021.10.06"]
[SourceVersion "1"]
[SourceVersionDate "2021.10.06"]
[SourceQuality "1"]

1. e4 c5 2. Nc3 e6 3. f4 a6 4. Nf3 d6 5. d3 b5 6. g4 Bb7 7. Bg2 Nd7 8. 0-0 Be7 9. f5 e5 10. Nd5 Bxd5 11. exd5 h6 12. c3 Ngf6 13. h3 Nb6 14. d4 cxd4 15. cxd4 e4 16. Nd2 e3 17. Ne4 Nxe4 18. Bxe4 Bg5 19. b3 0-0 20. Qd3 Re8 21. Bxe3 Qe7 22. Bxg5 Qxe4 23. Qxe4 Rxe4 24. Bf4 Rd8 25. Rae1 Rxe1 26. Rxe1 Nxd5 27. Bg3 1/2-1/2

[Event "RUS-ch U26"]
[Site "Novokuznetsk"]
[Date "2007.10.27"]
[Round "6"]
[White "Markova, Anna"]
[Black "Pokusaev, Vyacheslav"]
[Result "0-1"]
[WhiteElo "2099"]
[BlackElo "2308"]
[PlyCount "75"]
[EventDate "2007.10.22"]
[EventType "swiss"]
[EventRounds "9"]
[EventCountry "RUS"]
[SourceTitle "EXT 2009"]
[Source "ChessBase"]
[SourceDate "2008.11.26"]
[SourceVersion "1"]
[SourceVersionDate "2008.11.26"]
[SourceQuality "1"]

1. e4 c5 2. Nf3 Nc6 3. d4 cxd4 4. Nxd4 Nf6 5. Nc3 g6 6. Be2 Bg7 7. 0-0 0-0 8. Nb3 d6 9. Bg5 Be6 10. Kh1 h6 11. Bh4 g5 12. Bg3 d5 13. Nc5 d4 14. Nb5 Rc8 15. Nxe6 fxe6 16. e5 Ne4 17. Bc4 Nxg3+ 18. hxg3 Qd7 19. Qg4 Nd8 20. Bd3 Rc5 21. Nxd4 Rxe5 22. Nf3 Rc5 23. Rad1 Qc7 24. Rfe1 Rf6 25. Nd4 Re5 26. Nf3 h5 27. Qa4 b5 28. Bxb5 Rxe1+ 29. Nxe1 Rxf2 30. Qe4 h4 31. Rd7 Rf1+ 32. Bxf1 Qxd7 33. gxh4 gxh4 34. Qxh4 Bxb2 35. Bd3 Bf6 36. Qh7+ Kf8 37. Qe4 Qd5 38. Qb4 0-1